000 00425 a2200169 4500
999 _c534363
_d534363
003 NUST
005 20200218103927.0
008 200218b ||||| |||| 00| 0 eng d
038 _aMSOHAIL
082 _a297.409
100 _aIbn -al- Arabi
_928503
245 _aImaginal Worlds:
260 _aLahore
_bSuhail Academy Lahore Pakistan
_c2001
300 _a208
500 _aHardcover
942 _aNBS
_cBK
_k297.409 CHI
_2ddc